| 000 | 00655nam a2200229Ia 4500 | ||
|---|---|---|---|
| 003 | OSt | ||
| 005 | 20221006140705.0 | ||
| 006 | a|||||r|||| 00| 0 | ||
| 007 | ta | ||
| 008 | 221006b |||||||| |||| 00| 0 eng d | ||
| 024 | _a408 | ||
| 037 |
_bGift, Gift _cTextual |
||
| 040 |
_aEASL _cEASL _beng |
||
| 041 |
_2eng _aeng |
||
| 100 |
_aFOREIGN LANGUAGES PRESS _9643210 |
||
| 245 | 0 | _aUpholdreform and strive for the realization of socialist modernization | |
| 260 |
_aBeijing _bForeign Languages Press _c1985 |
||
| 300 |
_a140p. _ccm. |
||
| 490 | _v CEL | ||
| 942 |
_cTEXL _2CC |
||
| 999 |
_c1068495 _d1068495 |
||